BC1: All Amino Acids from Abbreviation - Statistics

General Stats
  • This quiz has been taken 22 times
  • The average score is 17 of 20
Answer Stats
Answer % Correct
Gly Glycine
100%
Lys Lysine
100%
Ser Serine
100%
Val Valine
100%
Ala Alanine
90%
Arg Arginine
90%
Cys Cysteine
90%
Gln Glutamine
90%
Ile Isoleucine
90%
Leu Leucine
90%
Met Methionine
90%
Phe Phenylalanine
90%
Trp Tryptophan
90%
Tyr Tyrosine
90%
Asn Asparagine
80%
Glu Glutamic Acid
80%
His Histidine
80%
Asp Aspartic Acid
70%
Thr Threonine
70%
Pro Prolone
20%
No matching quizzes found
Score Distribution
Percent of People with Each Score
Percentile by Number Answered
Your Score History
You have not taken this quiz